Score 0/15 Timer 03:00
0 Plays Today
% Correct
Glacier
94.2%
Concierge
93.7%
Deficient
92.3%
Society
91.5%
Science
91.1%
Hacienda
89.2%
Rubefacient
88.3%
Conscientious
87.9%
% Correct
Sufficient
87.8%
Ancient
87.8%
Efficient
86.7%
Proficient
85.1%
Omniscient
82.9%
Species
78.8%
Nescient
67%
Remove Ads.
Support Sporcle.
Get the best of Sporcle when you Go Orange. This ad-free experience offers more features, more stats, and more fun while also helping to support Sporcle. Thank you for becoming a member.

You're not logged in!

Compare scores with friends on all Sporcle quizzes.
OR
Log In

Show Comments

Extras

Top Quizzes Today


Score Distribution

Your Account Isn't Verified!

In order to create a playlist on Sporcle, you need to verify the email address you used during registration. Go to your Sporcle Settings to finish the process.

Report this User

Report this user for behavior that violates our Community Guidelines.

Details: